01129 a2200229 4500020001500000040001300015082001500028100001700043245006100060260002800121300002400149650001500173650001900188650001700207650002000224942002800244999001500272952015100287952014700438952015100585952016300736 a0750653701 aDLCbDLC a621.3810451 aTricker, Ray10aOptoelectronics and fiber optic technology cRay Tricker aOxford :bNewnes,c2002 axvi, 319 s. :bill. 4aFiberoptik 4aOptoelektronik 4aFiber optics 4aOptoelectronics cBKk621.381045 TRI2ddc c8020d8020 001040708NFICaCLbCLcGENd2007-10-10eProgressive International Agenciesg2799.00l0o621.381045 TRIpSEECS008652r2012-11-14w2017-01-05yBK 001040708NFICaCLbCLcGENd2007-10-10eAllied Book Companyg469.94l1o621.381045 TRIpSEECS008707r2015-06-09s2014-06-24w2017-01-05yBK 001040708NFICaCLbCLcGENd2007-10-10eProgressive International Agenciesg2799.00l0o621.381045 TRIpSEECS008653r2012-11-14w2017-01-05yBK 001040708NFICaCLbCLcGENd2007-10-10eProgressive International Agenciesg2799.00l1o621.381045 TRIpSEECS008651r2015-05-23s2015-03-09w2017-01-05yBK